[Event "Titled Tue 24th Jun Early"]
[Site "chess.com INT"]
[Date "2025.06.24"]
[Round "2"]
[White "Piesik, Piotr"]
[Black "Porozhnyak, Maya"]
[Result "1-0"]
[WhiteTitle "IM"]
[BlackTitle "WCM"]
[WhiteElo "2436"]
[BlackElo "1953"]
[WhiteFideId "1136194"]
[BlackFideId "34115843"]
[EventDate "2025.06.24"]

1. Nf3 e6 2. g3 b6 3. Bg2 Bb7 4. O-O c5 5. c4 d6 6. d3 Nf6 7. e4 Qc7 8. Nc3 a6
9. Ne1 Be7 10. f4 Nc6 11. Be3 Rd8 12. g4 h5 13. g5 Ng4 14. Bd2 b5 15. h3 b4 16.
Ne2 Kd7 17. hxg4 hxg4 18. Ng3 g6 19. Qxg4 Kc8 20. Nf3 Kb8 21. f5 gxf5 22. exf5
Ne5 23. Nxe5 dxe5 24. Bxb7 Qxb7 25. Qf3 Qc7 26. f6 Bd6 27. Ne4 Rdg8 28. Kg2 Bf8
29. Rh1 Bh6 30. Kf2 Bf8 31. Rxh8 Rxh8 32. Rh1 Rg8 33. Rh7 Qd7 34. Qe3 Qc7 35.
Ke2 Kb7 36. Be1 a5 37. Bf2 Kb6 38. Bg3 a4 39. Nd2 Bd6 40. Ne4 Bf8 41. Qf2 Ka5
42. Qh2 Bd6 43. Nxd6 Qxd6 44. Bxe5 Qc6 45. Qh1 Qxh1 46. Rxh1 Rxg5 47. Bc7+ Ka6
48. Rh2 Rf5 49. Bd8 Kb7 50. Be7 Rg5 51. Kf3 Kc6 52. Rh7 Rf5+ 53. Ke3 Rg5 54.
Rxf7 Rg2 55. Rg7 Rxb2 56. f7 b3 57. axb3 a3 58. f8=Q a2 59. Qc8+ Kb6 60. Bxc5+
Ka5 61. Ra7# 1-0

[Event "Titled Tue 24th Jun Early"]
[Site "chess.com INT"]
[Date "2025.06.24"]
[Round "2"]
[White "Ersoz, Teoman Guney"]
[Black "Henriquez Villagra, Cristobal"]
[Result "0-1"]
[WhiteTitle "CM"]
[BlackTitle "GM"]
[WhiteElo "2052"]
[BlackElo "2597"]
[WhiteFideId "44537050"]
[BlackFideId "3409350"]
[EventDate "2025.06.24"]

1. d4 Nf6 2. Nc3 d5 3. Bg5 e6 4. e4 dxe4 5. Nxe4 Nbd7 6. Nf3 Be7 7. Nxf6+ Nxf6
8. Bd3 O-O 9. Qe2 Bd7 10. O-O-O Bc6 11. Ne5 Nd7 12. Bxe7 Qxe7 13. Nxc6 bxc6 14.
Qe4 Nf6 15. Qxc6 Rab8 16. Rhg1 Rb6 17. Qf3 Rfb8 18. b3 Nd5 19. Bc4 Qa3+ 20. Kd2
Rd6 21. Rge1 Nb6 22. Bd3 Rxd4 23. Ke2 Rbd8 24. Kf1 g6 25. Qf6 Qd6 26. a4 c5 27.
Kg1 Nd5 28. Qg5 Nb4 29. h4 Kg7 30. h5 h6 31. Qe3 g5 32. Be2 Nxc2 33. Qc3 Nb4 34.
Bc4 Qf4 35. Rxd4 Rxd4 36. Bxe6 fxe6 37. Qxc5 Rd7 38. Qb5 Rf7 39. Qc5 Nd3 40.
Qc3+ e5 41. Qxd3 Qxf2+ 42. Kh2 Qh4+ 43. Qh3 Qxe1 44. Qe6 Qh4+ 45. Kg1 Qd4+ 46.
Kh2 Qb6 47. Qxe5+ Qf6 48. Qe4 Qf4+ 49. Qxf4 Rxf4 50. Kg3 Rb4 51. a5 Rxb3+ 52.
Kg4 Rb5 53. g3 Rxa5 54. Kf3 Re5 55. Kg4 a5 56. Kh3 a4 57. Kg4 a3 58. Kh3 a2 59.
Kg4 a1=Q 60. Kh3 Qc3 61. Kg4 Qc8+ 62. Kf3 Qf5+ 63. Kg2 Re2+ 64. Kg1 Qf2+ 65. Kh1
Re1# 0-1

[Event "Titled Tue 24th Jun Early"]
[Site "chess.com INT"]
[Date "2025.06.24"]
[Round "2"]
[White "Gibala, Adam"]
[Black "Watanabe, Akira"]
[Result "1-0"]
[WhiteTitle "CM"]
[BlackTitle "FM"]
[WhiteElo "2245"]
[BlackElo "2284"]
[WhiteFideId "21070288"]
[BlackFideId "7000227"]
[EventDate "2025.06.24"]

1. c4 Nf6 2. d4 g6 3. Nc3 Bg7 4. e4 d6 5. Be2 O-O 6. Be3 Na6 7. g4 e5 8. d5 Nc5
9. f3 a5 10. h4 h5 11. g5 Nfd7 12. Kd2 c6 13. Nh3 a4 14. Nf2 Qa5 15. Ke1 cxd5
16. cxd5 a3 17. Bd2 axb2 18. Rb1 f5 19. gxf6 Nxf6 20. Rxb2 Qd8 21. Nd3 Nfd7 22.
Bg5 Bf6 23. Rg1 Kh7 24. Qd2 Nxd3+ 25. Qxd3 Nc5 26. Qe3 Qa5 27. Kf2 Qd8 28. Bxf6
Qxf6 29. Rg5 Ra3 30. Kg2 Qf4 31. Qxf4 Rxf4 32. Nb5 Re3 33. Nxd6 Bd7 34. Rxe5
Rxh4 35. Re7+ Kh6 36. Nf7+ Kg7 37. Ne5+ Kf6 38. Nxd7+ Kxe7 39. Nxc5 g5 40. Kf2 1-0

[Event "Titled Tue 24th Jun Early"]
[Site "chess.com INT"]
[Date "2025.06.24"]
[Round "2"]
[White "Cori Quispe, Kevin Joel"]
[Black "Esipenko, Andrey"]
[Result "0-1"]
[WhiteTitle "GM"]
[BlackTitle "GM"]
[WhiteElo "2464"]
[BlackElo "2689"]
[WhiteFideId "3814017"]
[BlackFideId "24175439"]
[EventDate "2025.06.24"]

1. e4 e6 2. d4 d5 3. Nd2 a6 4. Ngf3 c5 5. c3 Nc6 6. Bd3 cxd4 7. cxd4 dxe4 8.
Nxe4 Bb4+ 9. Nc3 Nge7 10. O-O O-O 11. Bxh7+ Kxh7 12. Ng5+ Kg6 13. Qg4 f5 14. Qg3
Kf6 15. Bf4 Ng6 16. Be5+ Ngxe5 17. dxe5+ Ke7 18. Rad1 Qe8 19. Ne2 Rh8 20. Nf4
Kf8 21. a3 Ba5 22. Rd6 Rh6 23. Rfd1 Bc7 24. h4 Bxd6 25. exd6 Bd7 26. h5 Rxh5 27.
Nxh5 Qxh5 28. Re1 Qg4 29. Qh2 Qxg5 30. Qh8+ Kf7 31. Qxa8 Qd8 32. Qxb7 Qc8 33.
Qb6 Ke8 34. Rc1 Qa8 35. b4 g5 36. Qc7 g4 37. Rc5 Nd4 38. Qb6 Qe4 39. Qb8+ Kf7 0-1

[Event "Titled Tue 24th Jun Early"]
[Site "chess.com INT"]
[Date "2025.06.24"]
[Round "2"]
[White "Nikulina, Alena"]
[Black "Manukian, Artak"]
[Result "0-1"]
[WhiteTitle "WFM"]
[WhiteElo "1875"]
[BlackElo "2104"]
[WhiteFideId "4172051"]
[BlackFideId "13301373"]
[EventDate "2025.06.24"]

1. e4 c6 2. Nc3 d5 3. Qe2 d4 4. Nd1 e5 5. g3 Bd6 6. d3 Ne7 7. Bg2 O-O 8. f4 c5
9. Nf3 Nbc6 10. O-O f6 11. f5 b5 12. g4 a5 13. g5 a4 14. Kh1 Ba6 15. Nf2 c4 16.
Rg1 Kh8 17. Nh4 Qe8 18. g6 h6 19. Qh5 Ng8 20. Ng4 Ra7 21. Bxh6 Nxh6 22. Nxh6
gxh6 23. Qxh6+ Kg8 24. Bf3 Rg7 25. Rg3 cxd3 26. cxd3 Nb4 27. Rh3 Nxd3 28. Rf1
Nf4 29. Rg3 b4 30. Rfg1 Qc6 31. Ng2 Be2 32. Nxf4 Bxf3+ 33. Rxf3 exf4 34. Re1
Rff7 35. Rh3 Kf8 36. gxf7 Kxf7 37. Qh5+ Ke7 38. Qf3 Be5 39. Rh6 Qc4 40. Rg6 Rf7
41. Qh5 d3 42. Qh6 d2 43. Rd1 Qxe4+ 44. Kg1 Bd4+ 45. Kf1 Qf3# 0-1

[Event "Titled Tue 24th Jun Early"]
[Site "chess.com INT"]
[Date "2025.06.24"]
[Round "2"]
[White "Van Roon, Sjoerd"]
[Black "Weetik, Vjacheslav"]
[Result "0-1"]
[WhiteTitle "FM"]
[BlackTitle "FM"]
[WhiteElo "2270"]
[BlackElo "2423"]
[WhiteFideId "1051075"]
[BlackFideId "4153472"]
[EventDate "2025.06.24"]

1. e4 c5 2. Nf3 Nc6 3. d4 cxd4 4. Nxd4 Nf6 5. Nc3 e5 6. Ndb5 d6 7. Bg5 a6 8. Na3
b5 9. Nd5 Be7 10. Bxf6 Bxf6 11. c3 Bg5 12. Nc2 O-O 13. h4 Bh6 14. a4 bxa4 15.
Bd3 Rb8 16. Ncb4 Nxb4 17. cxb4 Bb7 18. Rxa4 Bxd5 19. exd5 e4 20. Bxa6 e3 21. f3
Qf6 22. O-O Qxh4 23. Qe1 Qd4 24. Qe2 Bf4 25. Bd3 Rxb4 26. Rxb4 Qxb4 27. Rc1 g6
28. Rc4 Qd2 29. Rxf4 Rb8 30. Re4 Qc1+ 31. Kh2 Rxb2 32. Qxe3 Qc3 33. Re8+ Kg7 34.
Bf1 Qf6 35. Qe4 h5 36. Ra8 h4 37. Ra4 Rd2 38. Qxh4 Qe5+ 39. Qf4 Qxd5 40. Re4 Rd1
41. Bc4 Qh5+ 42. Kg3 d5 0-1

[Event "Titled Tue 24th Jun Early"]
[Site "chess.com INT"]
[Date "2025.06.24"]
[Round "2"]
[White "Samsonkin, Artiom"]
[Black "King, Alexander"]
[Result "0-1"]
[WhiteTitle "IM"]
[BlackTitle "FM"]
[WhiteElo "2361"]
[BlackElo "2263"]
[WhiteFideId "13503111"]
[BlackFideId "2063620"]
[EventDate "2025.06.24"]

1. e4 e6 2. d4 d5 3. Nd2 c5 4. Ngf3 Nc6 5. Bb5 a6 6. Bxc6+ bxc6 7. O-O Nf6 8. e5
Nd7 9. Re1 cxd4 10. Nxd4 c5 11. N4f3 Be7 12. c4 d4 13. Ne4 Bb7 14. Qd3 h6 15.
Bf4 O-O 16. Rad1 a5 17. Nfd2 Qc7 18. Qg3 Kh7 19. Nf6+ Kh8 20. Qh4 Nxf6 21. exf6
Bxf6 22. Qg3 Qc6 23. Ne4 Be7 24. Bd6 Bxd6 25. Nxd6 Rad8 26. Nxb7 Qxb7 27. b3 a4
28. Re5 axb3 29. axb3 d3 30. Rxd3 Qxb3 31. Rde3 Rd1+ 32. Re1 Rxe1+ 33. Rxe1 Qxc4
34. Qf3 Qd5 35. Qe3 Rd8 36. h3 Qd4 37. Qf3 Rd7 38. Rc1 c4 39. Qc6 Rd5 40. Rxc4
Qd1+ 41. Kh2 Rf5 42. Qa8+ Kh7 43. Qe4 Qd5 44. Qc2 g6 45. Rc5 Qxc5 46. Qd3 Qe5+
47. g3 Rxf2+ 48. Kg1 Qe1+ 0-1

[Event "Titled Tue 24th Jun Early"]
[Site "chess.com INT"]
[Date "2025.06.24"]
[Round "2"]
[White "Gunawardhana, Devindya Oshini"]
[Black "Dragnev, Valentin"]
[Result "0-1"]
[WhiteTitle "WIM"]
[BlackTitle "GM"]
[WhiteElo "2121"]
[BlackElo "2547"]
[WhiteFideId "29941482"]
[BlackFideId "1634852"]
[EventDate "2025.06.24"]

1. Nf3 Nf6 2. g3 b5 3. Bg2 Bb7 4. O-O e6 5. d4 c5 6. c3 Be7 7. Nbd2 O-O 8. Re1
cxd4 9. cxd4 Na6 10. a3 Qb6 11. e4 d5 12. e5 Ne4 13. b4 f6 14. exf6 Bxf6 15. Nb3
Rae8 16. Be3 Nb8 17. Nc5 Bc8 18. Rc1 Nd6 19. Ne5 Nc4 20. Nxc4 bxc4 21. Bf4 Nc6
22. Be3 a5 23. b5 Ne7 24. a4 Nf5 25. Bh3 Nxe3 26. Rxe3 Qd6 27. Rc2 Bxd4 28. Qxd4
e5 29. Rxe5 Rxe5 30. Bxc8 Rxc8 31. Rxc4 Re1+ 32. Kg2 Rd8 33. Rc2 Qe7 34. Nd3 Re4
35. Qb6 Rf8 36. Nf4 Rxa4 37. Nxd5 Qe4+ 38. f3 Qxd5 0-1

[Event "Titled Tue 24th Jun Early"]
[Site "chess.com INT"]
[Date "2025.06.24"]
[Round "2"]
[White "Fronda, Jan Jodilyn"]
[Black "Mekhitarian, Krikor Sevag"]
[Result "0-1"]
[WhiteTitle "WIM"]
[BlackTitle "GM"]
[WhiteElo "2115"]
[BlackElo "2564"]
[WhiteFideId "5204585"]
[BlackFideId "2107660"]
[EventDate "2025.06.24"]

1. e4 c5 2. c3 Nf6 3. e5 Nd5 4. Nf3 Nc6 5. Bc4 Nb6 6. Bb3 c4 7. Bc2 d5 8. exd6
e5 9. O-O Be6 10. b3 Bxd6 11. Re1 O-O 12. Na3 Re8 13. bxc4 Nxc4 14. Nxc4 Bxc4
15. d3 Bd5 16. Nd2 Rc8 17. Ne4 Be7 18. Be3 b6 19. c4 Be6 20. Ba4 Rf8 21. Nc3 Nb4
22. d4 Rxc4 23. Ne2 Bf6 24. dxe5 Bxe5 25. Qxd8 Rxd8 26. Rad1 Rcc8 27. Ng3 Bc3
28. Rxd8+ Rxd8 29. Rc1 Nxa2 30. Rd1 Rxd1+ 31. Bxd1 Bb4 32. Ne4 Nc3 33. Bf3 Nxe4
34. Bxe4 Bc5 35. Bxc5 bxc5 36. Kf1 h6 37. Ke2 Kf8 38. Kd3 Ke7 39. Kc3 Kd6 40. h3
a5 41. Bc2 Ke5 42. g3 Bxh3 43. Kc4 Kd6 44. Kb5 Bd7+ 45. Kxa5 Kd5 46. Bb3+ c4 47.
Bc2 Kd4 48. Kb4 g5 49. Bh7 Be6 50. Ka3 h5 51. Kb2 c3+ 52. Kc1 h4 53. gxh4 gxh4
54. Bc2 h3 55. Bd1 h2 56. Bf3 Bd5 57. Bxd5 Kxd5 0-1

[Event "Titled Tue 24th Jun Early"]
[Site "chess.com INT"]
[Date "2025.06.24"]
[Round "2"]
[White "Logozar, Elijah"]
[Black "Reshetnikov, Alexey"]
[Result "0-1"]
[BlackTitle "IM"]
[WhiteElo "1928"]
[BlackElo "2492"]
[WhiteFideId "30963788"]
[BlackFideId "4162080"]
[EventDate "2025.06.24"]

1. e4 c5 2. Nf3 Nc6 3. d4 cxd4 4. Nxd4 Nf6 5. Nc3 d6 6. Bc4 e6 7. Be3 a6 8. Bb3
Na5 9. g4 Nxb3 10. axb3 e5 11. Nf5 g6 12. g5 gxf5 13. exf5 d5 14. gxf6 d4 15.
Qf3 dxc3 16. bxc3 Qxf6 17. O-O-O Ba3+ 18. Kb1 Qc6 19. Qxc6+ bxc6 20. b4 a5 21.
Bg5 Bxf5 22. Rhe1 O-O 23. Rxe5 Bg6 24. Be7 Rfe8 25. Rde1 axb4 26. cxb4 f6 27.
Re6 Rab8 28. Ka2 Bxb4 29. Bxb4 Rxe6 30. Rxe6 Rxb4 31. Rxf6 Rh4 32. Rxc6 Rxh2 33.
Kb3 Rxf2 34. c4 Kg7 35. c5 Rf6 36. Rc8 Be4 37. Rc7+ Kg6 38. Kc4 Bc6 39. Kd4 h5
40. Ke3 h4 41. Ra7 h3 42. Ra2 Bg2 43. Ra4 Rc6 44. Rh4 Rxc5 45. Kf2 Rh5 46. Rg4+
Kf5 47. Kg3 Rg5 48. Rxg5+ Kxg5 49. Kh2 Kg4 50. Kg1 Bd5 51. Kh2 Be6 52. Kg1 Kg3
53. Kh1 Bc4 54. Kg1 h2+ 55. Kh1 Bd5# 0-1

[Event "Titled Tue 24th Jun Early"]
[Site "chess.com INT"]
[Date "2025.06.24"]
[Round "2"]
[White "Punin, Andrii"]
[Black "Mendonca, Leon Luke"]
[Result "0-1"]
[WhiteTitle "FM"]
[BlackTitle "GM"]
[WhiteElo "2289"]
[BlackElo "2603"]
[WhiteFideId "14112639"]
[BlackFideId "35028561"]
[EventDate "2025.06.24"]

1. e4 a6 2. d4 e6 3. Nf3 d5 4. e5 c5 5. c3 Bd7 6. Bd3 Bb5 7. Bxb5+ axb5 8. dxc5
Bxc5 9. Nd4 b4 10. Qg4 bxc3 11. Qxg7 Bxd4 12. bxc3 Bxe5 13. Qxe5 Qf6 14. Qc7 Nd7
15. O-O Qe5 16. Qxb7 Rb8 17. Qa7 Ngf6 18. Ba3 Ng4 19. g3 h5 20. Nd2 h4 21. Rab1
hxg3 22. Rxb8+ Qxb8 23. Qxb8+ Nxb8 24. hxg3 Nc6 25. Rb1 f6 26. Nf1 Nge5 27. Kg2
Kd7 28. Rb7+ Kc8 29. Rg7 Nc4 30. Bc5 N6e5 31. Ne3 Nxe3+ 32. Bxe3 Nc4 33. a4 Kb8
34. Bc5 Rc8 35. Bb4 Ne5 36. Re7 Rc6 37. a5 Nd3 38. f4 d4 39. Kh3 dxc3 40. Bxc3
Rxc3 41. Rxe6 Nxf4+ 0-1

[Event "Titled Tue 24th Jun Early"]
[Site "chess.com INT"]
[Date "2025.06.24"]
[Round "2"]
[White "Pakleza, Zbigniew"]
[Black "Abdsattar, Alisher"]
[Result "0-1"]
[WhiteTitle "GM"]
[BlackTitle "CM"]
[WhiteElo "2484"]
[BlackElo "2030"]
[WhiteFideId "1119290"]
[BlackFideId "13749358"]
[EventDate "2025.06.24"]

1. d4 Nf6 2. Nf3 g6 3. Bf4 Bg7 4. e3 O-O 5. Be2 d5 6. O-O c5 7. c3 Nc6 8. Nbd2
Nd7 9. Bg3 e5 10. Nb3 cxd4 11. cxd4 e4 12. Nfd2 f5 13. Rc1 g5 14. f4 exf3 15.
Nxf3 h6 16. Nc5 Nf6 17. Ne5 Nxe5 18. Bxe5 b6 19. Nd3 Be6 20. Rc6 Qe8 21. Rc7 Rf7
22. Qc2 Rxc7 23. Qxc7 Qf7 24. Rc1 Rc8 25. Qxf7+ Kxf7 26. Rxc8 Bxc8 27. Nb4 Bb7
28. Ba6 Bxa6 29. Nxa6 Ng4 30. Bxg7 Kxg7 31. Nc7 Nxe3 32. Kf2 Nc2 33. Nxd5 Nxd4
34. Ke3 Ne6 35. Nb4 Kf6 36. Nc6 a5 37. Nb8 Nc5 38. Kd4 Ke6 39. Kc4 f4 40. Nc6 g4
41. Kb5 Kd5 42. Ne7+ Ke4 43. Ng8 f3 44. Nf6+ Kf5 45. gxf3 gxf3 46. Nh5 Ne4 47.
Ng7+ Kf6 48. Ne8+ Ke7 49. Nc7 Kd6 50. Kxb6 f2 51. Nb5+ Kd7 0-1

[Event "Titled Tue 24th Jun Early"]
[Site "chess.com INT"]
[Date "2025.06.24"]
[Round "2"]
[White "Dovgaliuk, Oleksandr"]
[Black "Hayrapetyan, Edgar"]
[Result "1-0"]
[BlackTitle "FM"]
[WhiteElo "2190"]
[BlackElo "2161"]
[WhiteFideId "14167247"]
[BlackFideId "13313568"]
[EventDate "2025.06.24"]

1. e4 e6 2. d4 d5 3. Bd3 dxe4 4. Bxe4 Nf6 5. Bf3 Bd6 6. Ne2 O-O 7. O-O Nc6 8. c4
e5 9. Bxc6 bxc6 10. dxe5 Bxe5 11. Nbc3 Be6 12. b3 Qe7 13. Bf4 Rfd8 14. Qc2 Bd6
15. Rfe1 Bc5 16. Ng3 Ng4 17. Nge4 Bd4 18. h3 Nf6 19. Bg5 h6 20. Nxf6+ Bxf6 21.
Bxf6 Qxf6 22. Ne4 Qg6 23. Qc3 Qf5 24. Qg3 Rd7 25. Qe3 Qg6 26. Nc5 Rd6 27. Rad1
Rad8 28. Rxd6 Rxd6 29. Ne4 Rd8 30. Kh2 a5 31. Qa7 Qf5 32. Qxc7 Rd4 33. Qxc6 a4
34. bxa4 Kh7 35. Ng3 Qxf2 36. Rf1 Qxa2 37. Qb5 Bxc4 38. Qb1+ g6 39. Qxa2 Bxa2
40. a5 Ra4 41. Ne2 Bc4 42. Rf4 1-0

[Event "Titled Tue 24th Jun Early"]
[Site "chess.com INT"]
[Date "2025.06.24"]
[Round "2"]
[White "Harsh, Suresh"]
[Black "Crispin Ferreras, Darvi Abraham"]
[Result "0-1"]
[WhiteTitle "IM"]
[BlackTitle "CM"]
[WhiteElo "2392"]
[BlackElo "2150"]
[WhiteFideId "45018464"]
[BlackFideId "6402771"]
[EventDate "2025.06.24"]

1. e4 c5 2. Nc3 e6 3. f4 Nc6 4. Nf3 d6 5. Bb5 Qb6 6. d3 a6 7. Bc4 Nge7 8. O-O
Na5 9. Bb3 c4+ 10. d4 cxb3 11. axb3 Nac6 12. Be3 d5 13. Ne5 dxe4 14. Nxe4 Nf5
15. Bf2 Nxe5 16. fxe5 Qc6 17. Qf3 Be7 18. g4 Nh6 19. Be3 Bd7 20. Bxh6 gxh6 21.
Qxf7+ Kd8 22. Nf6 Bxf6 23. exf6 Kc7 24. Qh5 Qd5 25. Qe5+ Qxe5 26. dxe5 Rhg8 27.
h3 Raf8 28. Kh2 Rg5 29. Rae1 h5 30. Rf4 hxg4 31. hxg4 h5 32. Kg3 Be8 33. Kh4
Rxg4+ 34. Rxg4 hxg4 35. Rf1 Kc6 36. Kxg4 Kd5 37. Kf4 Rh8 38. Rd1+ Kc6 39. Rd8
Kc7 40. Ra8 Kd7 41. Rb8 b5 42. Rb7+ Kc8 43. Re7 Bd7 44. Rg7 Kd8 45. f7 Rf8 46.
Kg5 Ke7 47. Kg6 Bc6 48. c3 Be4+ 49. Kg5 Rxf7 50. Rxf7+ Kxf7 51. Kf4 Bc2 52. b4
Ke7 53. Ke3 Kd7 54. Kd4 Kc6 55. c4 Bb3 56. c5 Bc4 57. Ke4 a5 58. bxa5 Kxc5 59.
a6 Kb6 60. Kd4 Kxa6 61. Kc5 Ka5 0-1

[Event "Titled Tue 24th Jun Early"]
[Site "chess.com INT"]
[Date "2025.06.24"]
[Round "2"]
[White "Volovich, Vasily"]
[Black "Murawski, Jan"]
[Result "0-1"]
[WhiteTitle "FM"]
[BlackTitle "CM"]
[WhiteElo "2177"]
[BlackElo "2164"]
[WhiteFideId "34169676"]
[BlackFideId "21009287"]
[EventDate "2025.06.24"]

1. e4 g6 2. d4 Bg7 3. Nc3 c5 4. d5 d6 5. h4 Nf6 6. Be2 h5 7. Nf3 Bg4 8. Ng5 O-O
9. O-O Bxe2 10. Qxe2 Nbd7 11. Bf4 Rc8 12. Rae1 Qa5 13. Bg3 c4 14. a3 b5 15. Nd1
Qb6 16. c3 a5 17. Ne3 Nc5 18. e5 dxe5 19. Bxe5 Nd3 20. Bd4 Qd6 21. Rd1 Nxd5 22.
Nxd5 Qxd5 23. Bxg7 Kxg7 24. Qxe7 Rfe8 25. Qa7 Qc6 26. Qd4+ Qf6 27. Qa7 Re2 28.
b3 Rce8 29. bxc4 bxc4 30. Rb1 R8e7 31. Rb7 Rxb7 32. Qxb7 Rxf2 33. Rb1 Qxc3 34.
Ne4 Qd4 35. Kh2 Rf4 36. Ng5 Rxh4+ 37. Nh3 Qe5+ 38. Kg1 Rg4 39. Rf1 Qd4+ 40. Kh1
Nf4 41. Nf2 Rh4+ 0-1

[Event "Titled Tue 24th Jun Early"]
[Site "chess.com INT"]
[Date "2025.06.24"]
[Round "2"]
[White "Keatinge-Clay, Adrian"]
[Black "Dilanyan, Grigor"]
[Result "0-1"]
[WhiteTitle "FM"]
[BlackTitle "FM"]
[WhiteElo "2232"]
[BlackElo "2191"]
[WhiteFideId "2011867"]
[BlackFideId "13303570"]
[EventDate "2025.06.24"]

1. d4 Nf6 2. c4 c5 3. d5 b5 4. cxb5 a6 5. e3 g6 6. Nc3 Bg7 7. a4 O-O 8. e4 Bb7
9. Ra3 e6 10. Be2 exd5 11. exd5 Re8 12. Nf3 axb5 13. axb5 Rxa3 14. bxa3 Qa5 15.
Bd2 Qxa3 16. O-O Nxd5 17. Nxd5 Bxd5 18. Re1 Qb3 19. Qc1 c4 20. Bh6 Bxh6 21. Qxh6
Bxf3 22. gxf3 Qxb5 23. Kg2 Qh5 24. Qf4 c3 25. Bc4 Rf8 26. Re7 d5 27. Re5 Qxe5
28. Qxe5 dxc4 29. Qxc3 Rc8 30. f4 Nd7 31. f5 gxf5 32. Kf3 f6 33. Kf4 Ne5 34.
Kxf5 Kf7 35. h4 Rc5 36. h5 Nd3+ 37. Ke4 Nxf2+ 38. Kf3 Nd3 39. Qd4 Ke6 40. Qe4+
Ne5+ 41. Kf4 c3 42. Qf5+ Kd5 43. Qxh7 c2 44. Qg8+ Kd4 45. Qd8+ Kc3 46. Qb6 c1=Q+
47. Kf5 Qf1+ 48. Ke6 Rc6+ 49. Qxc6+ Nxc6 50. h6 Qh3+ 51. Kxf6 Qxh6+ 52. Kf7 Ne5+
53. Ke7 Kd4 54. Kd8 Qg7 55. Kc8 Kc5 56. Kb8 Kb6 57. Kc8 Qc7# 0-1

[Event "Titled Tue 24th Jun Early"]
[Site "chess.com INT"]
[Date "2025.06.24"]
[Round "2"]
[White "Martinez Alcantara, Jose Eduardo"]
[Black "Carnicelli, Valerio"]
[Result "1-0"]
[WhiteTitle "GM"]
[BlackTitle "FM"]
[WhiteElo "2611"]
[BlackElo "2396"]
[WhiteFideId "3805662"]
[BlackFideId "856185"]
[EventDate "2025.06.24"]

1. c4 d6 2. Nf3 e5 3. Nc3 f5 4. d4 e4 5. Ng5 Nf6 6. h4 Be7 7. Nh3 O-O 8. Bg5 c6
9. e3 Be6 10. Be2 Nbd7 11. Nf4 Bf7 12. a4 a5 13. Rc1 Qb6 14. b3 h6 15. Bxf6 Nxf6
16. h5 Rfc8 17. O-O Qd8 18. g3 Qe8 19. Kg2 Nh7 20. Rh1 Bg5 21. Qd2 Nf6 22. Qd1
Nh7 23. Kf1 Rab8 24. Rc2 Nf8 25. Qd2 Nd7 26. Ke1 Nf6 27. Qd1 Nd7 28. Ng2 Nf6 29.
Rc1 Kh7 30. Nh4 Be6 31. Rc2 Qf7 32. Ng6 b5 33. d5 cxd5 34. cxb5 d4 35. Qxd4 Bxb3
36. Rc1 Nd5 37. Qd2 Bf6 38. Nxd5 Qxd5 39. Nf4 Rxc1+ 40. Qxc1 Qb7 41. Kf1 Bxa4
42. Kg2 Bxb5 43. Bxb5 Qxb5 44. Rd1 Qb6 45. Rd5 Qd8 46. Rxf5 Ra8 47. Qc2 Qe8 48.
Nd5 Bg5 49. Nc7 Rc8 50. Rxa5 Qxh5 51. Qxe4+ Qg6 52. Qxg6+ Kxg6 53. Nd5 Re8 54.
Ra6 Rd8 55. e4 Bf6 56. f4 Kh7 57. Ra7 Kg8 58. Kf3 Rf8 59. Rd7 Be5 60. Kg4 Bd4
61. Rxd6 Bc5 62. Rd7 Ba3 63. e5 Bb2 64. Ne3 Re8 65. Nf5 Kf8 66. Nh4 Kg8 67. Ng6 1-0

[Event "Titled Tue 24th Jun Early"]
[Site "chess.com INT"]
[Date "2025.06.24"]
[Round "2"]
[White "Brenke, Andreas"]
[Black "Pham, Le Thao Nguyen"]
[Result "0-1"]
[WhiteTitle "FM"]
[BlackTitle "IM"]
[WhiteElo "2349"]
[BlackElo "2357"]
[WhiteFideId "4602900"]
[BlackFideId "12401226"]
[EventDate "2025.06.24"]

1. d4 d5 2. c4 c6 3. Nc3 Nf6 4. e3 a6 5. Nf3 b5 6. b3 Bg4 7. a4 bxc4 8. bxc4 e6
9. c5 a5 10. Be2 Nbd7 11. Ba3 Be7 12. O-O O-O 13. Rb1 Qc7 14. Qd2 e5 15. Nxe5
Nxe5 16. dxe5 Qxe5 17. Rb6 Rfc8 18. Qd4 Qe6 19. Rfb1 Bf5 20. R1b2 Nd7 21. Rb7
Bf6 22. Qd2 h6 23. Bd3 Ne5 24. Bxf5 Qxf5 25. Qc2 Qh5 26. Rb1 Re8 27. h3 Nc4 28.
Bc1 d4 29. Nd1 dxe3 30. Nxe3 Nxe3 31. Bxe3 Rad8 32. Qc4 Rd5 33. Rb8 Rd1+ 34. Kh2
Be5+ 35. Bf4 Bxb8 36. Rxd1 Qxd1 37. Bxb8 Rxb8 38. Qf4 Rd8 39. Qc7 Qd5 0-1

[Event "Titled Tue 24th Jun Early"]
[Site "chess.com INT"]
[Date "2025.06.24"]
[Round "2"]
[White "Sargissyan, Sargis"]
[Black "Fernandes, Rogerio Paulo Muller"]
[Result "1/2-1/2"]
[WhiteTitle "FM"]
[WhiteElo "2206"]
[BlackElo "2241"]
[WhiteFideId "13303210"]
[BlackFideId "2101599"]
[EventDate "2025.06.24"]

1. e4 e6 2. d4 d5 3. Nc3 Bb4 4. e5 c5 5. a3 Bxc3+ 6. bxc3 Ne7 7. Qg4 Kf8 8. Nf3
Qa5 9. Bd2 Qa4 10. Kd1 Nbc6 11. h4 b6 12. h5 h6 13. Qf4 Ba6 14. dxc5 Qxf4 15.
Bxf4 Bxf1 16. Rxf1 bxc5 17. Be3 c4 18. Rb1 f6 19. Bc5 Kf7 20. Bd6 Rhd8 21. Rb7
fxe5 22. Nxe5+ Nxe5 23. Bxe5 Kf8 24. Kd2 g6 25. Bf6 Re8 26. hxg6 Nxg6 27. Bg7+
Kg8 28. Bxh6 Re7 29. Rfb1 Kf7 30. Bg5 Rxb7 31. Rxb7+ Kg8 32. Bf6 Nf4 33. g3 Nh5
34. Be5 Rf8 35. Ke2 Nf6 36. f3 a5 37. g4 a4 38. Ke3 Rf7 39. Rxf7 Kxf7 40. Bxf6
Kxf6 41. f4 e5 42. fxe5+ Kxe5 43. g5 Kf5 44. Kd4 Kxg5 45. Kxd5 Kf4 46. Kxc4 Ke3
47. Kb5 Kd2 48. c4 Kxc2 49. Kxa4 Kc3 50. c5 Kc4 51. c6 Kc3 52. c7 Kb2 53. c8=Q
Ka2 54. Qc2+ Ka1 55. Kb3 1/2-1/2

[Event "Titled Tue 24th Jun Early"]
[Site "chess.com INT"]
[Date "2025.06.24"]
[Round "2"]
[White "Rogov, Matfey"]
[Black "Beniosev, Daniel"]
[Result "1-0"]
[WhiteTitle "FM"]
[BlackTitle "CM"]
[WhiteElo "2348"]
[BlackElo "1959"]
[WhiteFideId "44191308"]
[BlackFideId "11632674"]
[EventDate "2025.06.24"]

1. e4 c5 2. Nf3 e6 3. d4 cxd4 4. Nxd4 Nc6 5. Nc3 Qc7 6. Ndb5 Qb8 7. Be3 a6 8.
Bb6 axb5 9. Nxb5 Bb4+ 10. c3 Ba5 11. Nc7+ Qxc7 12. Bxc7 Bxc7 13. Bb5 Nf6 14. Qe2
h5 15. O-O g5 16. a4 h4 17. a5 Rxa5 18. Rxa5 Bxa5 19. Bxc6 bxc6 20. Ra1 Bc7 21.
Ra8 Ke7 22. e5 Nd5 23. c4 Nf4 24. Qe3 Rd8 25. Qc5+ Ke8 26. g3 Nd3 27. Qe3 Nxe5
28. Ra7 Bb8 29. Ra8 Bb7 30. Rxb8 Rxb8 31. Qxe5 Ra8 32. Qxg5 c5 33. Qg8+ Ke7 34.
Qg5+ Ke8 35. f3 hxg3 36. hxg3 Bxf3 37. Qxc5 Bc6 38. b4 Ra1+ 39. Kf2 Ra2+ 40. Ke3
Ra3+ 41. Kd2 Rxg3 42. b5 Be4 43. Qe5 Rd3+ 44. Ke2 f5 45. b6 Rb3 46. c5 Ke7 47.
Qg7+ Ke8 48. Qf6 Rb4 49. Ke3 Rb3+ 50. Kf4 Rf3+ 51. Ke5 Rb3 52. Qg6+ Ke7 53. Qg7+
Ke8 54. Kf6 d5 55. Qe7# 1-0